La informática en el sector público : elementos para la formulación de diagnóstico y propuestas /
Guardado en:
| Autor Principal: | |
|---|---|
| Otros Autores: | |
| Formato: | Libro |
| Idioma: | Spanish |
| Publicado: |
Buenos Aires :
Ediciones Macchi,
[1984]
|
| Series: | Temas de administración pública.
|
| Materias: | |
| Etiquetas: |
Agregar Etiqueta
Sin Etiquetas, Sea el primero en etiquetar este registro!
|
| LEADER | 00778nam a22002055 4500 | ||
|---|---|---|---|
| 001 | EAD.ead002020 | ||
| 008 | 080718s1984####ag############000#0#spa#d | ||
| 005 | 20100326155555.0 | ||
| 245 | 1 | 3 | |a La informática en el sector público : |b elementos para la formulación de diagnóstico y propuestas / |c Isidoro Luis Felcman, Mario José Krieger. |
| 260 | |a Buenos Aires : |b Ediciones Macchi, |c [1984] | ||
| 300 | |a 66 p. ; |c 22 cm. | ||
| 490 | 0 | |a Temas de administración pública | |
| 020 | |a 9505370547 | ||
| 100 | 1 | |a Felcman, Isidoro Luis. | |
| 700 | 1 | |a Krieger, Mario José. | |
| 830 | 0 | |a Temas de administración pública. | |
| 082 | 0 | 4 | |a 352 |2 21 |
| 650 | 7 | |a Administración pública. |2 unbist | |
| 650 | 7 | |a Informática. |2 unbist | |
| 859 | |a AR-BaBDC |b BIB. ADMINISTRACION - Libros |h 352 |i F331 |p b01908 | ||
